Normal view
MARC view
Entry Personal Name
001 - CONTROL NUMBER
- control field: 528560
003 - CONTROL NUMBER IDENTIFIER
- control field: OSt
005 - DATE AND TIME OF LATEST TRANSACTION
- control field: 20220930071520.0
008 - FIXED-LENGTH DATA ELEMENTS
- fixed length control field: 220930|| aca||aabn | a|a d
040 ## - CATALOGING SOURCE
- Original cataloging agency: OSt
- Transcribing agency: OSt
100 ## - HEADING--PERSONAL NAME
- Personal name: Yjuervedi nee Pathak Sarita
670 ## - SOURCE DATA FOUND
- Source citation: Work cat.: (OSt)862436: Yjuervedi nee Pathak Sarita, Sangeet avam nratya ke sandarbh mein madhya himalaya ki sanskritik prampara ka avlokan - Ek adhyayan (Supervisor , 1997
